| 000 | 00996nam a22003257a 4500 | ||
|---|---|---|---|
| 003 | CHAP | ||
| 005 | 20220329140950.0 | ||
| 008 | 971013s1975 r 00010 d | ||
| 010 | _a60590 | ||
| 011 | _a61562 | ||
| 035 | _a65728 | ||
| 040 | _cCHAP | ||
| 082 |
_a631.45 _bT5 1975 |
||
| 100 | 0 | 0 |
_aTisdale, Samuel L. _9113419 |
| 245 | _aSoil fertility and fertilizers | ||
| 250 | _a3 ed. | ||
| 260 |
_aNew York : _bMacmillan, _c1975 |
||
| 300 |
_a694 p. _b; ilus. |
||
| 490 | _aCollier Macmillan International editions | ||
| 590 |
_aBATCH-UPD _b10 _c20130110 _lUCH01 _h0053 |
||
| 590 |
_aBATCH-UPD _b10 _c20130110 _lUCH01 _h1530 |
||
| 590 |
_aCONVERSION _b10 _c20130109 _lUCH01 _h1333 |
||
| 650 | 1 | 4 |
_aFertilizantes. _940447 |
| 650 | 1 | 4 |
_aSuelos _xFertilidad. _9110367 |
| 700 | 0 |
_aNelson, Werner L. _980805 |
|
| 830 | 0 |
_aCollier Macmillan International editions _925264 |
|
| 901 | _aBK | ||
| 942 | _cLIBRO | ||
| 949 |
_a631.45 T5 1975 _bBC _cLIBRO _d33724000561890 _eLIBRO _h47369 _i65728 _si _t70.00 |
||
| 999 |
_c60590 _d60590 |
||